• 首页
  • 本馆介绍
  • 公告通知
  • 最新文献
  • 馆藏检索
  • 电子资源
  • 读者导购
  • 参考咨询
  • 我的图书馆
  • 登录
  • 详细信息显示
  • 放入我的书架
  • 预约/预借图书
  • 作者相关作品
  • 分类相关作品
  • 丛书相关作品
  • 出版社相关作品

书目信息

  • 表格格式
  • 工作单格式
  • 卡片格式
题名:
电影布光技法
    
 
作者: 下牧建春 著
分册:  
出版信息: 上海   上海人民美术出版社  2013.03
页数: 180页
开本: 29cm
丛书名: 电影公开课
单 册:
中图分类: J914
科图分类:
主题词: 电影照明--布光 , 电影照明 , 布光
电子资源:
ISBN: 978-7-5322-8259-3
000 01152oam2 2200337 450
001 0100101127341
005 20130608105302.59
010    @a978-7-5322-8259-3@dCNY78.00
100    @a20130513d2013 em y0chiy0110 ea
101 1  @achi@cjpn
102    @aCN@b310000
105    @aa z 000yy
106    @ar
200 1  @a电影布光技法@9dian ying bu guang ji fa@dMovie lighting techniques@f(日)下牧建春著@zeng
210    @a上海@c上海人民美术出版社@d2013.03
215    @a180页@c图@d29cm
225 2  @a电影公开课
300    @a上海戏剧学院规划建设教材
330    @a本书共分为八章,主要内容包括:布光基本原理;布光入门;演播厅布光实例;故事电影布光;光影加工;场景布光;街头主义布光法等。
333    @a电影照明工作者
461  0 @12001 @a电影公开课
510 1  @aMovie lighting techniques@zeng
606 0  @a电影照明@x布光
606 0  @a电影照明
606 0  @a布光
690    @aJ914@v5
701  0 @c(日)@a下牧建春@9shang mu jian chun@4著
801  0 @aCN@b人天书店@c20130513
905    @dJ914@e262
962    @aA9787532282593#20130516145218296
998    @abm007a-2013.05.13 08:45:04@bbm005b-2013.05.13 14:48:27@cbm002c-2013.05.14 14:09:50
    
    电影布光技法=Movie lighting techniques/(日)下牧建春著.-上海:上海人民美术出版社,2013.03
    180页:图;29cm.-(电影公开课)
    上海戏剧学院规划建设教材.-使用对象:电影照明工作者
    
    ISBN 978-7-5322-8259-3:CNY78.00
    本书共分为八章,主要内容包括:布光基本原理;布光入门;演播厅布光实例;故事电影布光;光影加工;场景布光;街头主义布光法等。
●
相关链接 在E读中查询图书 在五车中查询图书 在当当中查询图书 在豆瓣中查询图书


正题名:电影布光技法     索取号:J914/262         预约/预借

序号 登录号 条形码 馆藏地/架位号 状态 备注
1 0543517   205435171   第一样本阅览室/ [索取号:J914/262] 在馆    
2 0543518   205435180   第一借阅区/ [索取号:J914/262] 在馆    
3 0543519   205435199   第一借阅区/ [索取号:J914/262] 在馆    
4 0543520   205435206   第一借阅区/ [索取号:J914/262] 在馆    
5 0543521   205435215   第一借阅区/ [索取号:J914/262] 在馆    
唐山师范学院图书馆 欢迎您!
大连网信软件有限公司© 版权所有